Manual of Vipassana meditation / (Record no. 32328)

000 -LEADER
fixed length control field 00540nam a22001817a 4500
005 - DATE AND TIME OF LATEST TRANSACTION
control field 20240305111144.0
008 - FIXED-LENGTH DATA ELEMENTS--GENERAL INFORMATION
fixed length control field 240305b ||||| |||| 00| 0 eng d
040 ## - CATALOGING SOURCE
Original cataloging agency SSBUL
Transcribing agency SSBUL
082 ## - DEWEY DECIMAL CLASSIFICATION NUMBER
Edition number 23
Classification number 294.34435
Item number Ko 21509 S-SAT
100 ## - MAIN ENTRY--PERSONAL NAME
Personal name Ko Lay, U
9 (RLIN) 5476
245 10 - TITLE STATEMENT
Title Manual of Vipassana meditation /
Statement of responsibility, etc. U Ko Lay.
260 ## - PUBLICATION, DISTRIBUTION, ETC.
Place of publication, distribution, etc. India :
Name of publisher, distributor, etc. Vipassana Research Institute,
Date of publication, distribution, etc. 2002.
300 ## - PHYSICAL DESCRIPTION
Extent 119 pages ;
Dimensions 22 cm.
500 ## - GENERAL NOTE
General note S-SAT: Prof. Sai Aung Tun
650 ## - SUBJECT ADDED ENTRY--TOPICAL TERM
Topical term or geographic name entry element Vipassana
9 (RLIN) 31447
Topical term or geographic name entry element Meditation
General subdivision Buddhism
942 ## - ADDED ENTRY ELEMENTS (KOHA)
Source of classification or shelving scheme
Koha item type Book (Short term)
Holdings
Withdrawn status Lost status Source of classification or shelving scheme Damaged status Not for loan Collection code Permanent Location Current Location Shelving location Date acquired Total Checkouts Full call number Barcode Date last seen Price effective from Koha item type Accession
          Special Collections Shan State Buddhist University Library Shan State Buddhist University Library Special Collection Shelves 05/03/2024   294.34435 Ko 21509 S-SAT EB00021509 05/03/2024 05/03/2024 Book (Short term) 21509 S-SAT

Library - 09407999929
Admin Office - 09407999979
Dean Office - 09250910768
Registrar Office - 09892297154
Email - [email protected]
Shan State Buddhist University, Phaya Phyu Taunggyi, Shan State, Myanmar.